000 00936cam a22002771 4500
001 10679
003 BD-RjUL
005 20211208235009.0
008 140125s1967 cauab 000 0 eng
035 _a(BD-RjUL) 10727
040 _aDLC
_cDLC
_dDLC
_dBD-RjUL
_beng
041 _aeng
082 0 0 _a917.302
_bHUP 1967
100 1 _aHunt, Charles B.
_q(Charles Butler),
_d1906-1997.
_933021
245 1 0 _aPhysiography of the United States /
_c[by] Charles B. Hunt.
260 _aSan Francisco :
_bW. H. Freeman,
_c1967.
300 _a480 p. :
_billus., maps (part fold.) ;
_c27 cm.
490 0 _aA Series of books in geology
500 _aIncludes index.
500 _aPublished in 1973 under title: Natural regions of the United States and Canada.
650 0 _aPhysical geography
_zUnited States.
_933022
650 0 _aNatural resources
_zUnited States.
_933023
942 _2ddc
_cBK
999 _c10679
_d10679